| 000 | 01545cam a22003497a 4500 | ||
|---|---|---|---|
| 005 | 20260322212043.0 | ||
| 008 | data | ||
| 010 | _a 2012278016 | ||
| 016 | 7 |
_a016225389 _2Uk |
|
| 020 | _a9781465408457 | ||
| 020 | _a1465408452 | ||
| 040 |
_aBTCTA _beng _cBTCTA _dDLC _dBDX _dRNC _dOCLCQ _dYDXCP _dJID _dJBO _dLF3 _dUPZ _dDLC |
||
| 042 | _alccopycat | ||
| 050 | 0 | 0 |
_aTR146 _b.G238 2013 |
| 092 | _a770 Gat 2013 | ||
| 100 | 1 | _aGatcum, Chris. | |
| 245 | 1 | 4 |
_aThe Beginner's photography guide / _cChris Gatcum. |
| 246 | 1 | 4 | _aBeginner's photography guide : the ultimate step-by-step manual for getting the most from your digital camera |
| 246 | 3 | _aGetting the most from your digital camera | |
| 250 | _aFirst American edition. | ||
| 260 |
_aNew York : _bDK Pub., _cc2013. |
||
| 300 |
_a192 p. : _bcol. ill. ; _c24 cm. |
||
| 500 | _aIncludes index. | ||
| 505 | 0 | _aEquipment -- Exposure -- Focusing -- Lenses -- Available light-- Flash -- Image enhancement. | |
| 520 | _aPresents step-by-step digital SLR camera basics, while introducing and demonstrating a wide variety of techniques. | ||
| 650 | 0 | _aPhotography. | |
| 856 | 4 | 2 |
_3Publisher description _uhttp://www.loc.gov/catdir/enhancements/fy1312/2012278016-d.html |
| 906 |
_a7 _bcbc _ccopycat _d2 _encip _f20 _gy-gencatlg |
||
| 925 | 0 |
_aacquire _b2 shelf copies _xpolicy default |
|
| 955 | _txn03 2013-09-05 copy 2 added | ||
| 001 | data | ||
| 999 |
_c1025 _d1025 |
||